[Event "Turkish Club Cup 2019"]
[Site "Konya"]
[Date "2019.07.18"]
[Round "4"]
[White "Cingoz, Isil"]
[Black "Kocyigit, Buse Naz"]
[Result "0-1"]
[WhiteElo "1123"]
[BlackElo "2045"]
[Annotator "NA"]
[PlyCount "54"]
[EventDate "2019.07.16"]
[EventType "team-tourn"]
[EventCountry "TUR"]
[SourceTitle "playchess.com"]
[Source "ChessBase"]
[SourceQuality "1"]
[TimeControl "5400+30"]

1. e4 {[%emt 0:00:30]} c5 {[%emt 0:00:30]} 2. c3 {[%emt 0:00:00]} d5 {[%emt 0:00:30]} 3. e5 {[%emt 0:01:00]} e6 {[%emt 0:00:30]} 4. d4 {[%emt 0:00:30]} Nc6 {[%emt 0:00:30]} 5. Be3 {[%emt 0:01:30]} Nge7 {[%emt 0:04:30]} 6. f4 {[%emt 0:02:30]} cxd4 {[%emt 0:04:30]} 7. cxd4 {[%emt 0:00:30]} Nf5 {[%emt 0:00:30]} 8. Bf2 {[%emt 0:01:30]} Qb6 {[%emt 0:10:30]} 9. Nc3 {[%emt 0:07:30]} Nfxd4 {[%emt 0:13:30]} 10. Bb5 {[%emt 0:04:30]} Bc5 {[%emt 0:01:30]} 11. Nge2 {[%emt 0:02:30]} Nxb5 {[%emt 0:02:30]} 12. Bxc5 {[%emt 0:01:30]} Qxc5 {[%emt 0:00:30]} 13. Rc1 {[%emt 0:01:30]} Nxc3 {[%emt 0:01:30]} 14. Rxc3 {[%emt 0:00:30]} Qb6 {[%emt 0:00:00]} 15. Qc2 {[%emt 0:00:30]} Bd7 {[%emt 0:01:00]} 16. Rb3 {[%emt 0:01:30]} Qa5+ {[%emt 0:02:30]} 17. Kf2 {[%emt 0:00:30]} Rc8 {[%emt 0:01:30]} 18. Rc1 {[%emt 0:03:30]} Ne7 {[%emt 0:19:30]} 19. Qb1 {[%emt 0:04:30]} b5 {[%emt 0:04:30]} 20. Rcc3 {[%emt 0:08:30]} Rxc3 {[%emt 0:01:30]} 21. Nxc3 {[%emt 0:00:00]} b4 {[%emt 0:00:30]} 22. Ne2 {[%emt 0:00:00]} Qb6+ {[%emt 0:00:30]} 23. Kg3 {[%emt 0:02:30]} Nf5+ {[%emt 0:00:30]} 24. Kh3 {[%emt 0:00:30]} Qf2 {[%emt 0:00:30]} 25. Ng3 {[%emt 0:01:30]} Qxf4 {[%emt 0:00:30]} 26. Nxf5 {[%emt 0:00:00]} exf5 {[%emt 0:00:30]} 27. Qe1 {[%emt 0:01:00]} Qg4# {[%emt 0:00:30]} 0-1

[Event "Turkish Club Cup 2019"]
[Site "Konya"]
[Date "2019.07.18"]
[Round "4"]
[White "Zeybek, Merve"]
[Black "Yaman, Sila"]
[Result "0-1"]
[WhiteElo "1121"]
[BlackElo "1381"]
[Annotator "NA RC"]
[PlyCount "55"]
[EventDate "2019.07.16"]
[EventType "team-tourn"]
[EventCountry "TUR"]
[SourceTitle "playchess.com"]
[Source "ChessBase"]
[SourceQuality "1"]
[TimeControl "5400+30"]

1. e4 {[%emt 0:00:30]} c6 {[%emt 0:00:30]} 2. Nc3 {[%emt 0:00:30]} d5 {[%emt 0:00:30]} 3. d4 {[%emt 0:00:30]} dxe4 {[%emt 0:00:00]} 4. Nxe4 {[%emt 0:00:30]} Bf5 {[%emt 0:00:00]} 5. f3 {[%emt 0:02:30]} Nd7 {[%emt 0:04:30]} 6. Be3 {[%emt 0:02:30]} Ngf6 {[%emt 0:01:30]} 7. Bd3 {[%emt 0:00:30]} Bg6 {[%emt 0:01:30]} 8. c4 {[%emt 0:07:30]} e5 {[%emt 0:02:30]} 9. a3 {[%emt 0:01:30]} Be7 {[%emt 0:02:30]} 10. Ne2 {[%emt 0:00:30]} O-O {[%emt 0:03:30]} 11. O-O {[%emt 0:01:30]} Nxe4 {[%emt 0:07:30]} 12. Bxe4 {[%emt 0:04:30]} f5 {[%emt 0:02:30]} 13. Bc2 {[%emt 0:01:30]} Qc7 {[%emt 0:13:30]} 14. dxe5 {[%emt 0:04:30]} Nxe5 {[%emt 0:00:30]} 15. Bf4 {[%emt 0:13:30]} Qb6+ {[%emt 0:05:30]} 16. Kh1 {[%emt 0:01:30]} Nxc4 {[%emt 0:06:30]} 17. Bb3 {[%emt 0:05:30]} Bf7 {[%emt 0:02:30]} 18. Ng3 {[%emt 0:04:30]} Bf6 {[%emt 0:04:30]} 19. Bxc4 {[%emt 0:05:30]} Bxc4 {[%emt 0:00:30]} 20. Re1 {[%emt 0:00:30]} Rad8 {[%emt 0:01:30]} 21. Qc2 {[%emt 0:01:30]} Bd3 {[%emt 0:00:30]} 22. Qa4 {[%emt 0:01:30]} Rd4 {[%emt 0:03:30]} 23. Qd1 {[%emt 0:00:30]} Qxb2 {[%emt 0:02:30]} 24. Nh5 {[%emt 0:00:30]} Bc4 {[%emt 0:05:30]} 25. Qa4 {[%emt 0:01:30]} Bf7 {[%emt 0:02:30]} 26. Nxf6+ {[%emt 0:02:30]} gxf6 {[%emt 0:00:30]} 27. Bc1 {[%emt 0:00:30]} Qxa1 {[%emt 0:00:30]} 28. Qd1 {[%emt 0:00:30]} 0-1

[Event "Turkish Club Cup 2019"]
[Site "Konya"]
[Date "2019.07.18"]
[Round "5"]
[White "Kinsiz, Onur"]
[Black "Aslan, Onat Ugur"]
[Result "1-0"]
[WhiteElo "2210"]
[BlackElo "1747"]
[Annotator "TA"]
[PlyCount "109"]
[EventDate "2019.07.16"]
[EventType "team-tourn"]
[EventCountry "TUR"]
[SourceTitle "playchess.com"]
[Source "ChessBase"]
[SourceQuality "1"]

{[%evp 26,109,35,14,34,37,44,12,12,12,12,15,18,13,36,18,28,27,52,45,71,59,70,83,96,96,96,95,92,79,90,78,325,320,331,352,487,494,515,485,700,679,735,594,588,579,843,839,803,839,686,687,1424,1388,1290,1290,1075,1117,29966,29966,29965,29968,8945,7045,29971,29969,29967,29964,29975,29975,29976,29976,29976,29977,29976,29977,29980,29980,29980,29981,29981,29982,29982,29983,29989,29990]} 1. e4 Nf6 2. e5 Nd5 3. d4 d6 4. c4 Nb6 5. exd6 cxd6 6. Nc3 g6 7. Be3 Bg7 8. Rc1 O-O 9. b3 e5 10. dxe5 dxe5 11. Qxd8 Rxd8 12. c5 N6d7 13. Bc4 Nc6 {[%cal Bb8c6,Bc6a5,Ba5b7,Bb7d6,Bd6f5,Bf5e3][%mdl 32]} 14. Nf3 Na5 {B03: Alekhine's Defence: Four Pawns Attack} (14... h6 15. Nb5 e4 16. Nd2 Nde5 17. Nxe4 Nb4 18. O-O Nxa2 19. Rcd1 Bg4 20. f3 Nxc4 21. bxc4 Bd7 22. Nc7 {1-0 (41) Nguyen,T (2441)-Moussard,J (2573) Karlsruhe 2017}) 15. Be2 b6 16. Na4 Nxc5 {The position is equal.} 17. Nxc5 bxc5 18. Rxc5 Nb7 19. Rc7 Rd7 20. Rc2 Nd6 21. O-O Nf5 22. Rfc1 $36 {[%mdl 2048] White has some pressure.} Bb7 $146 23. Rc7 Rxc7 24. Rxc7 Nxe3 25. Rxb7 Nf5 26. Rd7 Bf6 27. Bc4 Nh6 28. g4 {Threatens to win with g5.} g5 $2 {[#]} (28... Rd8 $16 29. Nxe5 (29. Rxa7 e4 $14) 29... Rxd7 30. Nxd7 Bc3) 29. h4 $1 $18 {[%cal Rh4g5][%mdl 512]} Rd8 (29... gxh4 30. g5) 30. Rxa7 Rd1+ 31. Kg2 e4 32. Nxg5 {[%mdl 64] Double Attack} Bd4 (32... Bb2 $142 33. a4 Kg7 34. Bxf7 Nxf7 35. Rxf7+ Kg8 36. Rxh7 Bg7) 33. Rd7 e3 34. fxe3 Rd2+ 35. Kf3 Bxe3 36. Rxf7 Nxf7 37. Kxe3 Rxa2 38. Nxf7 Rh2 39. h5 Kg7 40. Kf4 h6 41. Nd6 Rd2 42. Nf5+ Kh7 43. Bf7 Rf2+ 44. Ke5 Re2+ 45. Kd4 {White mates.} Rd2+ 46. Kc5 Rg2 47. Bg6+ Kh8 48. b4 {[%cal Bb3b4,Bb4b5,Bb5b6,Bb6b7][%mdl 32]} Rc2+ 49. Kb6 Rc4 50. b5 Rxg4 51. Kb7 Rb4 52. b6 Rc4 53. Kb8 Rc1 54. b7 Rc6 55. Ka7 {Accuracy: White = 84%, Black = 31%.} 1-0

[Event "Turkish Club Cup 2019"]
[Site "Konya"]
[Date "2019.07.18"]
[Round "5"]
[White "Ersahin, Bulent"]
[Black "Cakiroglu, Metin"]
[Result "1/2-1/2"]
[WhiteElo "2179"]
[BlackElo "1970"]
[Annotator "TA"]
[PlyCount "140"]
[EventDate "2019.07.16"]
[EventType "team-tourn"]
[EventCountry "TUR"]
[SourceTitle "playchess.com"]
[Source "ChessBase"]
[SourceQuality "1"]

{[%evp 9,140,16,26,0,1,-6,0,0,0,0,0,-8,6,0,33,23,22,0,67,64,90,18,30,12,0,11,6,8,11,-15,107,14,20,0,127,139,123,89,118,94,125,106,145,60,29,0,0,0,120,120,112,124,118,89,236,246,234,0,72,72,72,73,72,72,75,76,76,76,79,80,67,92,517,0,0,0,0,0,0,0,0,0,0,0,0,0,0,0,0,0,0,0,0,0,0,0,0,0,0,0,0,0,29976,29977,29975,0,0,0,0,0,0,0,0,0,0,0,29972,0,0,0,0,0,0,0,0,0,0,0,0,0,0,0,0]} 1. Nf3 Nf6 2. g3 b5 3. Bg2 Bb7 4. O-O e6 5. a4 (5. d3 Be7 6. e4 d6 7. Nfd2 e5 8. a4 a6 9. Nc3 c6 10. f4 Nbd7 11. Nf3 O-O 12. h3 Qc7 13. g4 Ne8 14. Ne2 exf4 15. Bxf4 {0-1 (45) Grischuk,A (2771)-Maghsoodloo,P (2688) St Petersburg 2018}) 5... b4 6. c4 {A05: Réti Opening: 1 Nf3 Nf6} c5 7. b3 Be7 8. Bb2 O-O 9. d3 Nc6 10. Nbd2 d5 $146 ({Predecessor:} 10... Qc7 11. e3 Rfe8 12. Qc2 {1-0 (59) Bugalski,M (2247)-Kurkowski,Z (2076) Miedzyzdroje 2009}) 11. cxd5 exd5 12. Rc1 Qb6 13. Nh4 Rfe8 ({Black should play} 13... g6 $1 $11) 14. Nf5 $14 d4 15. e4 (15. e3 $16) 15... Bf8 16. f4 Na5 17. g4 Rad8 18. g5 Nd7 19. Kh1 Nb8 (19... f6 $11 {remains equal.}) 20. Rf3 (20. Qh5 $16) 20... Bc8 21. Rg3 Bxf5 (21... g6 $11 22. Nh6+ Bxh6 23. gxh6 Kh8) 22. exf5 $16 Re3 23. Be4 Qd6 24. Qg4 Re8 25. Rcg1 Nd7 26. Rxe3 (26. Qh4 $1 $16) 26... dxe3 $14 27. Nc4 Nxc4 28. bxc4 Nb6 (28... Rxe4 $11 29. dxe4 Nb6) 29. g6 $16 fxg6 30. fxg6 h6 31. Qf5 Qe6 {[#]} (31... Re7 $16 {keeps fighting.}) 32. Qf7+ $1 $18 {[%mdl 512]} Kh8 (32... Qxf7 33. gxf7+) 33. Qxa7 $2 $40 {[%mdl 128] Black needs to defend precisely.} ({Only move:} 33. f5 $18 Qxf7 34. gxf7 Rxe4 35. dxe4 Nxc4 36. Ba1 $1 {[%mdl 512]}) 33... Nxc4 (33... Nd7 $11 {keeps the balance.}) 34. f5 $16 Qe7 35. Qxe7 Rxe7 36. f6 Rxe4 37. fxg7+ Bxg7 38. Bxg7+ Kxg7 39. dxe4 {[%mdl 4096] Endgame Hoping for e5! KR-KN} b3 40. Kg2 Na3 $2 {[%mdl 8192]} (40... Kxg6 $16 {is tougher.} 41. Kf3+ Kf6) 41. Kf3 $2 (41. a5 $18) 41... b2 $11 42. Kxe3 {aiming for Kd3.} b1=Q 43. Rxb1 Nxb1 44. Kd3 Kxg6 {KN-K3P} 45. a5 Na3 46. a6 Nb5 47. Kc4 Na7 48. Kxc5 Kf6 49. Kd5 {e5+ is the strong threat.} (49. Kb6 $5 {[%cal Rb6a7]} Nc8+ 50. Kc6 $11) 49... Ke7 50. Ke5 Nc6+ 51. Kf5 Kf7 $1 52. h4 Nd4+ 53. Kg4 {Strongly threatening a7.} Nb5 54. Kh5 Kg7 $1 55. e5 Nc7 $2 {[%mdl 8192]} (55... Na7 $11 56. Kg4 Nc8) 56. a7 Kh7 {[#]} 57. Kg4 $2 (57. e6 $1 {[%mdl 512] mates} Kg7 (57... Nxe6 58. a8=Q) 58. e7 Kf7 59. Kxh6 Kxe7 60. Kg7 Kd7 61. h5 Kc8 62. h6) 57... Kg6 58. h5+ Kf7 59. Kf5 {Black must now prevent e6+!} Na8 $1 60. e6+ Ke7 61. Kg6 Kxe6 62. Kxh6 {KN-KPP} Kf6 $1 63. Kh7 Kf7 $1 {The position is equal.} 64. Kh6 {And now Kg5 would win.} Kf6 65. Kh7 Kf7 $1 66. Kh8 $1 Kf8 67. Kh7 Kf7 68. h6 Nc7 69. Kh8 Kf8 70. Kh7 {Threatens to win with Kg6.} Kf7 {Accuracy: White = 60%, Black = 56%.} 1/2-1/2

[Event "Turkish Club Cup 2019"]
[Site "Konya"]
[Date "2019.07.18"]
[Round "5"]
[White "Guven, Oguz Kagan"]
[Black "Guder, Eyup Sabri"]
[Result "1/2-1/2"]
[WhiteElo "2142"]
[BlackElo "1909"]
[Annotator "NA"]
[PlyCount "95"]
[EventDate "2019.07.16"]
[EventType "team-tourn"]
[EventCountry "TUR"]
[SourceTitle "playchess.com"]
[Source "ChessBase"]
[SourceQuality "1"]
[TimeControl "5400+30"]

1. e4 {[%emt 0:00:30]} c5 {[%emt 0:00:30]} 2. Nf3 {[%emt 0:00:30]} e6 {[%emt 0:00:00]} 3. c3 {[%emt 0:00:00]} Nf6 {[%emt 0:01:00]} 4. e5 {[%emt 0:00:00]} Nd5 {[%emt 0:00:30]} 5. d4 {[%emt 0:00:30]} cxd4 {[%emt 0:00:30]} 6. cxd4 {[%emt 0:00:00]} b6 {[%emt 0:00:00]} 7. Bd2 {[%emt 0:07:00]} Ba6 {[%emt 0:01:00]} 8. Bxa6 {[%emt 0:00:30]} Nxa6 {[%emt 0:00:00]} 9. O-O {[%emt 0:00:30]} Be7 {[%emt 0:00:00]} 10. Nc3 {[%emt 0:00:30]} Nac7 {[%emt 0:00:30]} 11. Ne4 {[%emt 0:00:30]} O-O {[%emt 0:00:30]} 12. Rc1 {[%emt 0:13:30]} f5 {[%emt 0:02:30]} 13. exf6 {[%emt 0:00:30]} Nxf6 {[%emt 0:00:30]} 14. Nxf6+ {[%emt 0:07:30]} Bxf6 {[%emt 0:05:30]} 15. Bb4 {[%emt 0:01:30]} Rf7 {[%emt 0:01:30]} 16. Bd6 {[%emt 0:00:30]} Nd5 {[%emt 0:01:30]} 17. Qd3 {[%emt 0:05:30]} a5 {[%emt 0:07:30]} 18. a4 {[%emt 0:14:30]} Be7 {[%emt 0:05:30]} 19. Bg3 {[%emt 0:00:30]} Bg5 {[%emt 0:08:30]} 20. Rc4 {[%emt 0:14:30]} Bf4 {[%emt 0:02:30]} 21. Qc2 {[%emt 0:05:30]} Nb4 {[%emt 0:12:30]} 22. Qe2 {[%emt 0:00:30]} Rc8 {[%emt 0:01:30]} 23. Bxf4 {[%emt 0:03:30]} Rxc4 {[%emt 0:01:30]} 24. Qxc4 {[%emt 0:00:30]} Rxf4 {[%emt 0:00:30]} 25. Rc1 {[%emt 0:00:30]} h6 {[%emt 0:05:30]} 26. Qc7 {[%emt 0:03:38]} Qxc7 {[%emt 0:06:30]} 27. Rxc7 {[%emt 0:00:22]} d6 {[%emt 0:08:30]} 28. Rb7 {[%emt 0:03:15]} Nc2 {[%emt 0:01:30]} 29. Rxb6 {[%emt 0:01:19]} Nxd4 {[%emt 0:00:00]} 30. Rxd6 {[%emt 0:01:02]} Nxf3+ {[%emt 0:00:00]} 31. gxf3 {[%emt 0:00:30]} Rxa4 {[%emt 0:00:30]} 32. Rxe6 {[%emt 0:00:00]} Rb4 {[%emt 0:00:30]} 33. Ra6 {[%emt 0:00:01]} a4 {[%emt 0:01:30]} 34. Kg2 {[%emt 0:00:18]} Kh7 {[%emt 0:00:30]} 35. Kg3 {[%emt 0:00:40]} h5 {[%emt 0:00:30]} 36. f4 {[%emt 0:06:18]} g6 {[%emt 0:06:40]} 37. Ra7+ {[%emt 0:03:51]} Kh6 {[%emt 0:00:30]} 38. Ra6 {[%emt 0:00:30]} Kh7 {[%emt 0:00:30]} 39. f3 {[%emt 0:00:00]} Kg7 {[%emt 0:00:20]} 40. h3 {[%emt 0:01:48]} Kf7 {[%emt 0:00:30]} 41. Ra8 {[%emt 0:04:27]} Kf6 {[%emt 0:00:00]} 42. Ra5 {[%emt 0:00:20]} Kg7 {[%emt 0:01:37]} 43. Kh4 {[%emt 0:01:25]} Rxf4+ {[%emt 0:03:30]} 44. Kg5 {[%emt 0:00:31]} Rxf3 {[%emt 0:00:07]} 45. Ra7+ {[%emt 0:00:28]} Rf7 {[%emt 0:00:30]} 46. Rxa4 {[%emt 0:00:00]} Rf5+ {[%emt 0:06:29]} 47. Kh4 {[%emt 0:00:00]} Rb5 {[%emt 0:00:13]} 48. b4 {[%emt 0:00:46]} 1/2-1/2

[Event "Turkish Club Cup 2019"]
[Site "Konya"]
[Date "2019.07.18"]
[Round "5"]
[White "Ozdover, Mustafa Berkay"]
[Black "Dogan, Ali Ekber"]
[Result "0-1"]
[WhiteElo "2130"]
[BlackElo "2200"]
[Annotator "TA"]
[PlyCount "52"]
[EventDate "2019.07.16"]
[EventType "team-tourn"]
[EventCountry "TUR"]
[SourceTitle "playchess.com"]
[Source "ChessBase"]
[SourceQuality "1"]

{[%evp 19,106,24,21,18,14,18,13,10,39,28,38,44,41,-13,-5,-20,-14,-72,-81,-75,-86,-65,-80,-66,-83,-84,-60,-126,-125,-118,-125,-141,-113,-844,0,-174,0,-131,-127,-139,-114,-114,-114,-114,-114,-266,-266,-266,-266,-237,-151,-327,-319,-310,-302,-561,-450,-446,-428,-408,-403,-316,-321,-473,-473,-473,-473,-473,-473,-473,-473,-473,-473,-473,-473,-470,-465,-464,-462,-460,-427,-414,-406,-406,-406,-1316,-1110,-4762,-4762]} 1. d4 Nf6 2. c4 g6 3. Nc3 Bg7 4. e4 d6 5. f3 O-O 6. Be3 c6 7. Bd3 a6 8. a4 a5 9. Nge2 Na6 10. O-O e5 11. d5 {E80: King's Indian: Sämisch: Lines without early ...0-0} Nd7 12. Qd2 (12. Ra3 Ndc5 13. Bb1 Qb6 14. Qd2 Bd7 15. h3 Rad8 16. Kh2 Qb4 17. Na2 Qxd2 18. Bxd2 cxd5 19. cxd5 Nxa4 {0-1 (45) Andre,G (2331)-Nyzhnyk,I (2627) Magdeburg 2014}) 12... Ndc5 13. Bc2 {The position is equal.} Qb6 $146 ({Predecessor:} 13... Nb4 14. Rfd1 {½-½ (14) Batchelor,P (2225)-Guillot,M ICCF email 2013}) 14. Rfd1 Rd8 15. b3 Nb4 16. Na2 ({White should try} 16. Kh1 $14) 16... Nxc2 $11 17. Qxc2 cxd5 ({Much weaker is} 17... Qxb3 18. Qxb3 Nxb3 19. Rab1 $14) 18. Rxd5 (18. cxd5 $11 Qc7 19. Nac3) 18... Qxb3 $17 19. Qxb3 Nxb3 20. Rb1 {[#]} Nd4 $1 {[%cal Rd4e2][%mdl 512]} 21. Bxd4 (21. Nxd4 exd4) 21... exd4 22. Nxd4 Bd7 23. Nc3 (23. Rxb7 $15 Bxa4 24. Nc3) 23... Rdc8 24. Rxb7 Rxc4 {...Bc8 is the strong threat.} 25. Ncb5 Be8 26. Nc3 $2 {[%mdl 8192]} (26. Rb6 $17) 26... Bxd4+ {Played: Be8-d7} 0-1

[Event "Turkish Club Cup 2019"]
[Site "Konya"]
[Date "2019.07.18"]
[Round "5"]
[White "Kesgin, Halit Kaan"]
[Black "Taskiran, Recep"]
[Result "1/2-1/2"]
[WhiteElo "2104"]
[BlackElo "1898"]
[Annotator "NA"]
[PlyCount "77"]
[EventDate "2019.07.16"]
[EventType "team-tourn"]
[EventCountry "TUR"]
[SourceTitle "playchess.com"]
[Source "ChessBase"]
[SourceQuality "1"]
[TimeControl "5400+30"]

1. e4 {[%emt 0:00:30]} c5 {[%emt 0:00:30]} 2. Nf3 {[%emt 0:00:00]} d6 {[%emt 0:00:00]} 3. Bb5+ {[%emt 0:00:00]} Nd7 {[%emt 0:00:00]} 4. O-O {[%emt 0:00:30]} Ngf6 {[%emt 0:00:00]} 5. Re1 {[%emt 0:00:30]} a6 {[%emt 0:00:00]} 6. Bf1 {[%emt 0:00:30]} Ne5 {[%emt 0:01:30]} 7. Nxe5 {[%emt 0:07:30]} dxe5 {[%emt 0:00:30]} 8. a4 {[%emt 0:01:30]} Bg4 {[%emt 0:01:30]} 9. Be2 {[%emt 0:02:30]} Bd7 {[%emt 0:00:30]} 10. d3 {[%emt 0:02:30]} e6 {[%emt 0:02:30]} 11. a5 {[%emt 0:07:30]} Qc7 {[%emt 0:02:30]} 12. Nd2 {[%emt 0:01:30]} Bb5 {[%emt 0:00:30]} 13. b3 {[%emt 0:01:30]} Rd8 {[%emt 0:03:30]} 14. Bb2 {[%emt 0:01:30]} Be7 {[%emt 0:01:30]} 15. Bc3 {[%emt 0:02:30]} O-O {[%emt 0:02:30]} 16. Qc1 {[%emt 0:02:30]} Nd7 {[%emt 0:00:30]} 17. Nc4 {[%emt 0:04:30]} Rfe8 {[%emt 0:06:30]} 18. Qb2 {[%emt 0:02:30]} f6 {[%emt 0:00:30]} 19. Bh5 {[%emt 0:00:30]} g6 {[%emt 0:06:30]} 20. Bg4 {[%emt 0:00:30]} Kf7 {[%emt 0:00:30]} 21. Rf1 {[%emt 0:06:30]} h5 {[%emt 0:01:30]} 22. Be2 {[%emt 0:00:30]} Rh8 {[%emt 0:00:30]} 23. h4 {[%emt 0:07:30]} Rdg8 {[%emt 0:01:30]} 24. Bd2 {[%emt 0:03:30]} f5 {[%emt 0:12:30]} 25. Bc3 {[%emt 0:03:30]} Bxc4 {[%emt 0:03:30]} 26. bxc4 {[%emt 0:00:00]} Bxh4 {[%emt 0:04:30]} 27. Rab1 {[%emt 0:02:00]} Rb8 {[%emt 0:00:30]} 28. exf5 {[%emt 0:05:30]} gxf5 {[%emt 0:01:30]} 29. f4 {[%emt 0:01:30]} Bg3 {[%emt 0:05:30]} 30. fxe5 {[%emt 0:00:30]} Qd8 {[%emt 0:09:30]} 31. Bf3 {[%emt 0:03:30]} Qh4 {[%emt 0:00:30]} 32. Rfd1 {[%emt 0:01:30]} Qh2+ {[%emt 0:10:30]} 33. Kf1 {[%emt 0:00:00]} Nxe5 {[%emt 0:01:30]} 34. Bxe5 {[%emt 0:01:00]} Bxe5 {[%emt 0:00:00]} 35. c3 {[%emt 0:00:30]} Rhg8 {[%emt 0:02:00]} 36. d4 {[%emt 0:01:30]} Bf4 {[%emt 0:00:53]} 37. Qf2 {[%emt 0:01:30]} Bg3 {[%emt 0:01:01]} 38. Qe3 {[%emt 0:00:30]} Bf4 {[%emt 0:01:00]} 39. Qf2 {[%emt 0:00:30]} 1/2-1/2

[Event "Turkish Club Cup 2019"]
[Site "Konya"]
[Date "2019.07.18"]
[Round "5"]
[White "Gulsoy, Mustafa Alpago"]
[Black "Iyiol, Mehmet"]
[Result "0-1"]
[WhiteElo "2069"]
[BlackElo "1857"]
[Annotator "NA"]
[PlyCount "58"]
[EventDate "2019.07.16"]
[EventType "team-tourn"]
[EventCountry "TUR"]
[SourceTitle "playchess.com"]
[Source "ChessBase"]
[SourceQuality "1"]
[TimeControl "5400+30"]

1. e4 {[%emt 0:00:30]} e6 {[%emt 0:00:30]} 2. d4 {[%emt 0:00:30]} d5 {[%emt 0:00:30]} 3. e5 {[%emt 0:00:30]} c5 {[%emt 0:00:30]} 4. c3 {[%emt 0:00:30]} Nc6 {[%emt 0:00:30]} 5. Nf3 {[%emt 0:00:30]} Qb6 {[%emt 0:00:30]} 6. Na3 {[%emt 0:00:30]} cxd4 {[%emt 0:00:30]} 7. cxd4 {[%emt 0:00:30]} Bb4+ {[%emt 0:00:00]} 8. Bd2 {[%emt 0:00:00]} Bd7 {[%emt 0:00:00]} 9. Bxb4 {[%emt 0:01:00]} Qxb4+ {[%emt 0:00:00]} 10. Qd2 {[%emt 0:00:00]} Qxd2+ {[%emt 0:02:00]} 11. Kxd2 {[%emt 0:00:00]} a6 {[%emt 0:00:30]} 12. Nc2 {[%emt 0:05:30]} Nge7 {[%emt 0:00:30]} 13. Bd3 {[%emt 0:03:30]} O-O {[%emt 0:00:30]} 14. Nh4 {[%emt 0:06:30]} f6 {[%emt 0:01:30]} 15. f4 {[%emt 0:00:00]} fxe5 {[%emt 0:03:30]} 16. fxe5 {[%emt 0:04:00]} g5 {[%emt 0:09:30]} 17. Nf3 {[%emt 0:00:00]} h6 {[%emt 0:00:30]} 18. Rhf1 {[%emt 0:01:00]} Kg7 {[%emt 0:02:30]} 19. Ke2 {[%emt 0:05:30]} Be8 {[%emt 0:02:30]} 20. b4 {[%emt 0:05:30]} Bg6 {[%emt 0:03:30]} 21. Nd2 {[%emt 0:00:30]} Nf5 {[%emt 0:02:30]} 22. Nb3 {[%emt 0:00:30]} b6 {[%emt 0:03:30]} 23. a4 {[%emt 0:01:30]} a5 {[%emt 0:01:30]} 24. bxa5 {[%emt 0:01:30]} Nxa5 {[%emt 0:00:30]} 25. Nxa5 {[%emt 0:00:30]} bxa5 {[%emt 0:02:30]} 26. Rab1 {[%emt 0:00:30]} Rab8 {[%emt 0:01:30]} 27. Rb5 {[%emt 0:10:30]} Ng3+ {[%emt 0:10:30]} 28. hxg3 {[%emt 0:00:30]} Bxd3+ {[%emt 0:00:30]} 29. Kxd3 {[%emt 0:00:30]} Rxb5 {[%emt 0:00:00]} 0-1

[Event "Turkish Club Cup 2019"]
[Site "Konya"]
[Date "2019.07.18"]
[Round "5"]
[White "Mecit, Emre"]
[Black "Ererdem, Gani Eren"]
[Result "1/2-1/2"]
[WhiteElo "2065"]
[BlackElo "2140"]
[Annotator "NA"]
[PlyCount "85"]
[EventDate "2019.07.16"]
[EventType "team-tourn"]
[EventCountry "TUR"]
[SourceTitle "playchess.com"]
[Source "ChessBase"]
[SourceQuality "1"]
[TimeControl "5400+30"]

1. e4 {[%emt 0:00:30]} g6 {[%emt 0:00:30]} 2. d4 {[%emt 0:00:30]} Bg7 {[%emt 0:00:30]} 3. Nf3 {[%emt 0:00:30]} c6 {[%emt 0:00:30]} 4. c4 {[%emt 0:00:00]} d5 {[%emt 0:07:30]} 5. exd5 {[%emt 0:00:00]} cxd5 {[%emt 0:00:30]} 6. Nc3 {[%emt 0:00:00]} Nf6 {[%emt 0:00:00]} 7. Be2 {[%emt 0:00:00]} O-O {[%emt 0:00:00]} 8. O-O {[%emt 0:00:30]} b6 {[%emt 0:06:30]} 9. Ne5 {[%emt 0:02:30]} Bb7 {[%emt 0:00:30]} 10. Bf3 {[%emt 0:01:30]} e6 {[%emt 0:12:30]} 11. Bg5 {[%emt 0:01:30]} h6 {[%emt 0:05:30]} 12. cxd5 {[%emt 0:03:30]} exd5 {[%emt 0:03:30]} 13. Bh4 {[%emt 0:03:30]} g5 {[%emt 0:02:30]} 14. Bg3 {[%emt 0:00:00]} Ne4 {[%emt 0:01:30]} 15. Bxe4 {[%emt 0:11:00]} dxe4 {[%emt 0:03:30]} 16. Qb3 {[%emt 0:00:30]} Nd7 {[%emt 0:05:30]} 17. Rfe1 {[%emt 0:01:30]} Nf6 {[%emt 0:07:30]} 18. Rad1 {[%emt 0:04:30]} Bd5 {[%emt 0:02:30]} 19. Nxd5 {[%emt 0:00:30]} Qxd5 {[%emt 0:00:30]} 20. Ng4 {[%emt 0:08:30]} Rad8 {[%emt 0:03:30]} 21. Nxf6+ {[%emt 0:08:30]} Bxf6 {[%emt 0:00:00]} 22. Qxd5 {[%emt 0:00:30]} Rxd5 {[%emt 0:00:00]} 23. Rxe4 {[%emt 0:00:00]} Rc8 {[%emt 0:03:30]} 24. Be5 {[%emt 0:02:00]} Bxe5 {[%emt 0:00:30]} 25. Rxe5 {[%emt 0:00:30]} Rxd4 {[%emt 0:00:00]} 26. Ree1 {[%emt 0:01:30]} Rxd1 {[%emt 0:00:00]} 27. Rxd1 {[%emt 0:00:30]} Rc2 {[%emt 0:00:30]} 28. Rb1 {[%emt 0:00:00]} b5 {[%emt 0:05:30]} 29. a3 {[%emt 0:00:00]} h5 {[%emt 0:02:30]} 30. g3 {[%emt 0:00:30]} f6 {[%emt 0:04:30]} 31. b3 {[%emt 0:07:30]} Ra2 {[%emt 0:03:56]} 32. a4 {[%emt 0:00:30]} bxa4 {[%emt 0:00:22]} 33. bxa4 {[%emt 0:00:30]} Rxa4 {[%emt 0:00:30]} 34. Rb7 {[%emt 0:00:30]} a5 {[%emt 0:00:12]} 35. Ra7 {[%emt 0:00:00]} g4 {[%emt 0:01:43]} 36. Kg2 {[%emt 0:00:00]} Ra2 {[%emt 0:00:29]} 37. Kg1 {[%emt 0:00:00]} a4 {[%emt 0:01:14]} 38. Ra5 {[%emt 0:01:00]} a3 {[%emt 0:00:36]} 39. Kg2 {[%emt 0:00:30]} Kf7 {[%emt 0:00:02]} 40. h4 {[%emt 0:00:30]} gxh3+ {[%emt 0:01:54]} 41. Kxh3 {[%emt 0:00:30]} Ra1 {[%emt 0:05:43]} 42. Kg2 {[%emt 0:00:30]} a2 {[%emt 0:00:01]} 43. Kf3 {[%emt 0:00:30]} 1/2-1/2